000 00426nam a22001697a 4500
003 NUST - PNEC
005 20170116180945.0
008 150907b xxu||||| |||| 00| 0 eng d
020 _a8120325966
040 _cLIBRARY
082 _a621.38153 KUM
100 _98923
_aKumar, A. Anand
245 _aPulse and digital circuits
_cA. Anand Kumar
260 _cc.2004
650 _98926
_aPulse circuits
_xEE
942 _2ddc
_cBK
999 _c66269
_d66269